Rap Songs - Sudden Death - Statistics

General Stats
  • This quiz has been taken 1,395 times
  • The average score is 10 of 18
Answers on the Grid
Answers color-coded by a green-red scale on the quiz's grid according to % correct below.
99 Problems
Believer
C.R.E.A.M.
California Love
Careless Whisper
Dear Mama
Espresso
Everybody
Get Ur Freak On
Hey Jude
Hypnotize
In Da Club
Islabonita
Jesus Walks
Juicy
Levitating
Lose Yourself
Paid in Full
Paul Revere
Peter Piper
Rebel Without a Pause
Shape of You
Stan
Straight Outta Compton
Strictly Business
The Message
Thriller
Toxic
Uptown Funk
Viva la Vida
 
Answer Stats
Answer % Correct
99 Problems
80%
In Da Club
79%
California Love
74%
Lose Yourself
71%
Straight Outta Compton
66%
C.R.E.A.M.
65%
Stan
62%
Hypnotize
61%
Juicy
58%
Dear Mama
56%
Get Ur Freak On
54%
Jesus Walks
47%
The Message
38%
Paid in Full
36%
Strictly Business
35%
Rebel Without a Pause
31%
Peter Piper
21%
Paul Revere
20%
No matching quizzes found
Score Distribution
Percent of People with Each Score
Percentile by Number Answered
Your Score History
You have not taken this quiz